Literatur als Unterhaltung
Problematika literatúry a jej popularizácia, pričom paradigmu tvorí pragmatistická filozofia Richarda Shustermana a jeho analýza pojmu zábavy. Aplikovanie pragmatistického pohľadu na populárne umenie, na literárnu cenu Ingeborg Bachmannovej, ktorá predstavuje styčný bod literárneho a populárneho pro...
Enregistré dans:
| Auteur principal: | |
|---|---|
| Format: | Chapitre de livre |
| Langue: | allemand |
| Sujets: | |
| Tags: |
Pas de tags, Soyez le premier à ajouter un tag!
|
MARC
| LEADER | 00000nla$a2200000$$$4500 | ||
|---|---|---|---|
| 001 | 0125537 | ||
| 005 | 20240502072430.5 | ||
| 041 | 0 | |a ger | |
| 044 | |a SK | ||
| 245 | 1 | 0 | |a Literatur als Unterhaltung |c Hana Chmelárová Marková |
| 520 | |a Problematika literatúry a jej popularizácia, pričom paradigmu tvorí pragmatistická filozofia Richarda Shustermana a jeho analýza pojmu zábavy. Aplikovanie pragmatistického pohľadu na populárne umenie, na literárnu cenu Ingeborg Bachmannovej, ktorá predstavuje styčný bod literárneho a populárneho prostredia v Shustermanovom ponímaní. | ||
| 610 | 2 | 0 | |a literatúra |
| 610 | 2 | 0 | |a umenie |
| 610 | 2 | 0 | |a umenie populárne |
| 100 | 1 | |a Chmelárová Marková, Hana, 1981- | |